Tratamientos biológicos de aguas residuales

Wedi'i Gadw mewn:
Manylion Llyfryddiaeth
Prif Awdur: Ferrer Polo, José
Awduron Eraill: Seco Torrecillas, Aurora
Fformat: Llyfr
Iaith:Sbaeneg
Cyhoeddwyd: Ciudad de México Alfaomega 2008
Pynciau:
Tagiau: Ychwanegu Tag
Dim Tagiau, Byddwch y cyntaf i dagio'r cofnod hwn!

MARC

LEADER 00000cam a2200000 a 4500
001 UCH4832
003 CL-VaPUC
005 20231127150124.0
008 090910e20080000MX |||||||||||||||||spa|d
999 |c 336087  |d 336085 
020 |a 9789701514238 
040 |c Pontificia Universidad Católica de Valparaíso 
082 0 4 |a 628.3 FER 2008  |2 21 
100 0 |a Ferrer Polo, José  |9 540783 
245 1 0 |a Tratamientos biológicos de aguas residuales 
260 |a Ciudad de México  |b Alfaomega  |c 2008 
300 |a 184 páginas 
583 |a last modification  |c 20120829 02:58:47  |k Rodrigo Vera 
650 0 |a Aguas residuales   |9 262614 
650 7 |a TRATAMIENTO DE AGUAS RESIDUALES  |2 CL-VaPUC  |9 540785 
650 0 |a Análisis de suelos   |9 524831 
650 7 |a TRATAMIENTO DE DESHECHOS  |2 CL-VaPUC  |9 451243 
650 7 |a EVACUACIÓN Y MANIPULACION DE LAS AGUAS  |2 CL-VaPUC  |9 360383 
700 0 |a Seco Torrecillas, Aurora  |9 540784 
942 |c BK  |2 ddc 
945 |d 20090910 00:00:00  |a rbrito 
952 |0 0  |1 0  |2 ddc  |4 0  |6 628_300000000000000_FER_2008  |7 0  |8 A  |9 426989  |a BIBCUR  |b BIBCUR  |d 2019-11-22  |i 4599586  |o 628.3 FER 2008  |p 4599586  |r 2025-04-22  |t 1  |w 2019-11-22  |y BK  |k BIO 
952 |0 0  |1 0  |2 ddc  |4 0  |6 628_300000000000000_FER_2008  |7 0  |8 A  |9 426990  |a BIBCUR  |b BIBCUR  |d 2019-11-22  |i 4603761  |o 628.3 FER 2008  |p 4603761  |r 2025-04-22  |t 2  |w 2019-11-22  |y BK  |k BIO 
952 |0 0  |1 0  |2 ddc  |4 0  |6 628_300000000000000_FER_2008  |7 0  |8 A  |9 426991  |a BIBING  |b BIBING  |d 2019-11-22  |i 4899040  |o 628.3 FER 2008  |p 4899040  |r 2025-01-20  |t 3  |w 2019-11-22  |y BK  |k CCL 
952 |0 0  |1 0  |2 ddc  |4 0  |6 628_300000000000000_FER_2008  |7 0  |8 A  |9 426992  |a BIBING  |b BIBING  |d 2019-11-22  |i 4899059  |o 628.3 FER 2008  |p 4899059  |r 2025-01-20  |t 4  |w 2019-11-22  |y BK  |k CCL